[Event "Titled Tuesday intern op 9th June"]
[Site "Chess.com INT"]
[Date "2020.06.09"]
[Round "4"]
[White "Safin, Robert"]
[Black "Garcia Cardenas, Pablo"]
[Result "0-1"]
[WhiteElo "2287"]
[BlackElo "2422"]
[PlyCount "110"]
[EventDate "2020.06.09"]
[EventType "swiss (blitz)"]
[EventRounds "10"]
[EventCountry "USA"]
[SourceTitle "CBM 196 Extra"]
[Source "ChessBase"]
[SourceDate "2020.07.31"]
[SourceVersion "1"]
[SourceVersionDate "2020.07.31"]
[SourceQuality "1"]

1. d4 Nf6 2. Nf3 d5 3. c4 e6 4. g3 dxc4 5. Bg2 c5 6. 0-0 Nc6 7. Ne5 Qb6 8. Na3 cxd4 9. Naxc4 Qa6 10. Nxc6 bxc6 11. Qxd4 Bb7 12. Nd6+ Bxd6 13. Qxd6 Rd8 14. Qb4 Nd5 15. Qg4 Kf8 16. Bg5 f6 17. Bd2 Kf7 18. Rfd1 Rhe8 19. e4 Nb6 20. Qh5+ Kg8 21. e5 f5 22. Bg5 Rc8 23. g4 c5 24. Rd6 Bxg2 25. Kxg2 Qb7+ 26. Kg1 Qf3 27. h3 Rf8 28. Be3 Nc4 29. Rd7 Nxe3 30. fxe3 Qxe3+ 31. Kh1 Qe4+ 32. Kg1 Qxe5 33. Rad1 Rc7 34. g5 Qf4 35. Rd8 Rcf7 36. Rxf8+ Rxf8 37. Rd7 Qc1+ 38. Kg2 Qxb2+ 39. Kg1 Qa1+ 40. Kg2 Qxa2+ 41. Kg1 Qb1+ 42. Kg2 Qb2+ 43. Kg1 Qe5 44. Qf3 Qe1+ 45. Kh2 Qe4 46. Kg1 Qxf3 47. h4 Qg3+ 48. Kf1 Qxh4 49. g6 Qf4+ 50. Kg2 Qg4+ 51. Kf2 hxg6 52. Ke3 Rb8 53. Rd3 Qe4+ 54. Kd2 Rb2+ 55. Kc3 Qb4# 0-1